Топоминералогия и типоморфизм минералов : (Record no. 66958)
[ view plain ]
| 000 -LEADER | |
|---|---|
| fixed length control field | 01080nam a22002297a 4500 |
| 001 - CONTROL NUMBER | |
| control field | 000192774 |
| 003 - CONTROL NUMBER IDENTIFIER | |
| control field | AM-YeHGA |
| 005 - DATE AND TIME OF LATEST TRANSACTION | |
| control field | 20250617123834.0 |
| 008 - FIXED-LENGTH DATA ELEMENTS--GENERAL INFORMATION | |
| fixed length control field | 970708s1988 ru ||||| |||| 00| 0 rus d |
| 040 ## - CATALOGING SOURCE | |
| Original cataloging agency | AM-YeHGA |
| 041 0# - LANGUAGE CODE | |
| Language code of text/sound track or separate title | rus |
| 090 ## - LOCALLY ASSIGNED LC-TYPE CALL NUMBER (OCLC); LOCAL CALL NUMBER (RLIN) | |
| -- | 68095 |
| 245 00 - TITLE STATEMENT | |
| Title | Топоминералогия и типоморфизм минералов : |
| Remainder of title | Сборник научных трудов / |
| Statement of responsibility, etc. | АН СССР, Сиб. отд-ние, Якут. фил., Ин-т геологии, Якут. отд-ние Всесоюз. минерал. о-ва ; Редкол.: В.К. Маршинцев (отв. ред.) и др. |
| 260 0# - PUBLICATION, DISTRIBUTION, ETC. | |
| Place of publication, distribution, etc. | Якутск : |
| Name of publisher, distributor, etc. | АН СССР. Сиб. отд-ние. Якутский фил., |
| Date of publication, distribution, etc. | 1988. |
| 300 ## - PHYSICAL DESCRIPTION | |
| Extent | 160,6,[1] с. : |
| Other physical details | ил. ; |
| Dimensions | 22 см. |
| 520 ## - SUMMARY, ETC. | |
| Summary, etc. | Библиогр. в конце ст. |
| 650 14 - SUBJECT ADDED ENTRY--TOPICAL TERM | |
| Topical term or geographic name entry element | Минералогия |
| 650 14 - SUBJECT ADDED ENTRY--TOPICAL TERM | |
| Topical term or geographic name entry element | Минералы |
| 700 10 - ADDED ENTRY--PERSONAL NAME | |
| Personal name | Маршинцев, Виктор Клавдиевич |
| Relationship | edt |
| Relator term | ред. |
| 710 2# - ADDED ENTRY--CORPORATE NAME | |
| Corporate name or jurisdiction name as entry element | Ин-т геологии Якутского фил. СО АН СССР |
| 942 ## - ADDED ENTRY ELEMENTS (KOHA) | |
| Source of classification or shelving scheme | Universal Decimal Classification |
| Koha item type | Գրքեր / Books |
| Withdrawn status | Lost status | Source of classification or shelving scheme | Damaged status | Not for loan | Collection | Home library | Current library | Date acquired | Total checkouts | Full call number | Barcode | Date last seen | Price effective from | Koha item type | Public note |
|---|---|---|---|---|---|---|---|---|---|---|---|---|---|---|---|
| Universal Decimal Classification | General | Fundamental Scientific Library | Fundamental Scientific Library | 22/12/2016 | РII/598603 | 120598603 | 22/12/2016 | 22/12/2016 | Գրքեր / Books | 30 Days Loan | |||||
| Universal Decimal Classification | General | Fundamental Scientific Library | Fundamental Scientific Library | 22/12/2016 | РII/599355 | 120599355 | 22/12/2016 | 22/12/2016 | Գրքեր / Books | 30 Days Loan | |||||
| Universal Decimal Classification | General | Fundamental Scientific Library | Fundamental Scientific Library | 22/12/2016 | РII/599356 | 120599356 | 22/12/2016 | 22/12/2016 | Գրքեր / Books | 30 Days Loan |
ՀՀ Գիտությունների ազգային ակադեմիայի հիմնարար գիտական գրադարան = Fundamental Scientific Library of NAS RA
All site content, except where otherwise noted, is licensed under a